| 000 | 00473nam a2200157 i 4500 | ||
|---|---|---|---|
| 001 | 101781 | ||
| 003 | ES-MaACL | ||
| 005 | 20230906182958.0 | ||
| 007 | t| | ||
| 008 | 051025s1973 sp ||||1| spa d | ||
| 100 | 1 |
_aMeléndez de Arvas, Cecilia. _979919 |
|
| 245 | 1 | 0 |
_aEse puerto pesquero _b: novela relato / _cpor Cecilia Meléndez de Arvas. |
| 260 |
_aOviedo : _b[s.n.], _c1973 ( _fGráf. Baraza) |
||
| 300 |
_a80 p. ; _c17 cm. |
||
| 852 |
_aES-MaACL _jC-53751 _bR.86642 |
||
| 999 |
_c101781 _d101781 |
||